000 00909nam a2200253Ia 4500
999 _c37189
_d37189
001 3145
003 GE_BSU
005 20221102155856.0
008 181216s1997ru xx |||||||||||||| ||rus||
020 _a019504354; 5862254587;
040 _cGE_BSU
041 _arus
_heng
080 _a330.115(075.8) Д - 71
100 _aДоугерти, Кристофер.
_915746
245 _aВведение в эконометрику=TNTRODUCTION TO ECONOMETRICS /
_cКристофер Доугерти, ред. О.О. Замков.
264 _aМосква :
_b«ИНФРА-М»,
_c1997.
300 _a402 ст. :
_b 24 см.
546 _aПеревод с Английского
653 _aВведение в эконометрику
653 _aЭкономика
653 _aეკონომიკა
700 _aЗамков, О.О
_eრედაქტორი
_915747
942 _cBK
_2udc